Central Library OPAC University of Rajshahi

মরমী কবি শিতলং শাহ / (Record no. 48292)

MARC details
000 -LEADER
fixed length control field 01027nam a2200253 a 4500
001 - CONTROL NUMBER
control field 48292
003 - CONTROL NUMBER IDENTIFIER
rucl marc code BD-RjUL
005 - DATE AND TIME OF LATEST TRANSACTION
control field 20211209054508.0
008 - FIXED-LENGTH DATA ELEMENTS--GENERAL INFORMATION
fixed length control field 160813s2005 bg ||||| |||| 00| 0 ben d
020 ## - INTERNATIONAL STANDARD BOOK NUMBER
International Standard Book Number 9840745042
Terms of availability : Tk 100
035 ## - SYSTEM CONTROL NUMBER
System control number (BD-RjUL) 48411
040 ## - CATALOGING SOURCE
Original cataloging agency BD-RjUL
Language of cataloging ben
Transcribing agency BD-RjUL
041 ## - LANGUAGE CODE
Language code of text/sound track or separate title ben
082 ## - DEWEY DECIMAL CLASSIFICATION NUMBER
Edition number 23
Classification number 891.44109
Author mark and year MOR 2005
245 00 - TITLE STATEMENT
Title মরমী কবি শিতলং শাহ /
Statement of responsibility, etc. সংকলন ও সম্পাদনা নন্দলাল শর্মা
260 ## - PUBLICATION, DISTRIBUTION, ETC. (IMPRINT)
Place of publication, distribution, etc. ঢাকা :
Name of publisher, distributor, etc. বাংলা একাডেমী,
Date of publication, distribution, etc. ২০০৫
300 ## - PHYSICAL DESCRIPTION
Pagination ২৭০ পৃ. ;
Size ১৯ সেমি.
490 ## - SERIES STATEMENT
Series statement বাএ ;
Volume/sequential designation ৪৪৯৫
650 ## - SUBJECT ADDED ENTRY--TOPICAL TERM
Topical term or geographic name as entry element বাংলা কবিতা
9 (RLIN) 146222
Form subdivision ইতিহাস ও সমালোচনা
Topical term or geographic name as entry element Bangla potery
9 (RLIN) 146223
Form subdivision History and Criticism
700 ## - ADDED ENTRY--PERSONAL NAME
Personal name শর্মা, নন্দলাল, সংকলক ও সম্পাদক
830 ## - SERIES ADDED ENTRY--UNIFORM TITLE
Uniform title বাএ ;
Volume number/sequential designation ৪৪৯৫
942 ## - ADDED ENTRY ELEMENTS (KOHA)
Source of classification or shelving scheme Dewey Decimal Classification
Koha item type Books
Holdings
Lost status Source of classification or shelving scheme Damaged status Not for loan Collection code Permanent Location Current Location Shelving location Date acquired Source of acquisition Cost, normal purchase price Total Checkouts Full call number Date last seen Date checked out Copy number Koha item type
  Dewey Decimal Classification     Non-fiction Central Library, University of Rajshahi Central Library, University of Rajshahi   23/07/2012 Bangla Academy 100.00 1 B 891.44109 MOR 2005 06/06/2023 05/06/2023 C-2 Books